ভাগ /

Bibliographische Detailangaben
1. Verfasser: মোর্শেদ, এস. এম. সারওয়ার
Weitere Verfasser: শাহনাওয়াজ, এ. কে. এম
Format: Buch
Sprache:Bengali
Veröffentlicht: ঢাকা : বাংলাপ্রকাশ, ২০০৮.
Schlagworte:
Classic Catalogue: View this record in Classic Catalogue
LEADER 01451nam a2200253 a 4500
001 0017713
003 BD-DhAAL
008 120303s2008 bg 000 0 ben d
020 |a 9847013500063 
040 |a BD-DhAAL  |c BD-DhAAL 
082 0 0 |a 300.95414  |2 22 
100 1 |a মোর্শেদ, এস. এম. সারওয়ার.  |9 3825 
245 1 0 |a ভাগ /  |c এস. এম. সারওয়ার মোর্শেদ ; সম্পাদক, এ কে এম শাহনাওয়াজ. 
260 |a ঢাকা :  |b বাংলাপ্রকাশ,  |c ২০০৮. 
300 |a ৬৪ পৃ. ;  |c ২৩ সে.মি. 
526 |a AAL  |x Hasina Afroz University Librarian 
541 1 |e 0017713, 0017714  |a Sharaz Prokasony 
650 0 |a Social sciences  |z India  |x Bengal  |x History.  |9 58662 
700 1 |a শাহনাওয়াজ, এ. কে. এম.  |9 58663 
852 1 |a Ayesha Abed Library   |c General Stacks 
942 |2 ddc  |c BK 
999 |c 12064  |d 12064 
952 |0 0  |1 0  |2 ddc  |4 0  |6 300_954140000000000_MOR  |7 0  |9 19877  |a BRACUL  |b BRACUL  |c GEN  |d 2012-04-03  |e Sharaz Prokasony  |g 130.00  |l 0  |o 300.95414 MOR  |p 3010017714  |r 2012-04-03  |t 2  |w 2012-04-03  |y BK  |x Requisitioned by Hasina Afroz, University Librarian. 
952 |0 0  |1 0  |2 ddc  |4 0  |6 300_954130000000000_MOR  |7 0  |9 44749  |a BRACUL  |b BRACUL  |c GEN  |d 2015-01-14  |e Sharaz Prokasony  |g 130.00  |l 1  |m 24  |o 300.95413 MOR  |p 3010017713  |r 2018-07-15  |s 2018-01-25  |t 1  |w 2015-01-14  |y BK  |x Requisitioned by Hasina Afroz, University Librarian.